Shifting landscapes : (Record no. 53567)

MARC details
000 -LEADER
fixed length control field 00958nam a22002177a 4500
005 - DATE AND TIME OF LATEST TRANSACTION
control field 20110704112733.0
010 ## - LCCN (DPL NO)
LC control number B-430971
020 ## - INTERNATIONAL STANDARD BOOK NUMBER
International Standard Book Number 9780195673012
Terms of availability 625.00
020 ## - INTERNATIONAL STANDARD BOOK NUMBER
International Standard Book Number 0195673018
Terms of availability 625.00
035 ## - SYSTEM CONTROL NUMBER
System control number B-430971
037 ## - SOURCE OF ACQUISITION
Stock number Allied Pub/Ven
082 ## - DEWEY DECIMAL CLASSIFICATION NUMBER
Classification number 333.2095442
100 ## - MAIN ENTRY--PERSONAL NAME
Personal name Brara, Rita
245 ## - TITLE STATEMENT
Title Shifting landscapes :
Remainder of title the making and remaking of village commons in India /
Statement of responsibility, etc by Rita Brara
260 ## - PUBLICATION, DISTRIBUTION, ETC. (IMPRINT)
Place of publication, distribution, etc New Delhi
Name of publisher, distributor, etc Oxford University Press
Date of publication, distribution, etc 2006
300 ## - PHYSICAL DESCRIPTION
Extent ix, 321 p.
Other physical details maps
Dimensions 23cm. (pbk)
500 ## - GENERAL NOTE
General note Includes bibliographical references and index
942 ## - ADDED ENTRY ELEMENTS (KOHA)
Source of classification or shelving scheme Dewey Decimal Classification
Item type Bengali Books
Classification part 333.2095442
Call number suffix BRA
Holdings
Withdrawn status Lost status Not for loan Collection code Home library Current library Date acquired Source of acquisition Cost, normal purchase price Full call number Barcode Copy number Cost, replacement price Koha item type
      Non-fiction Central Library Central Library 07/07/2011 Allied Pub/2951/29.3.11/78/14.3.11/31.3.11 625.00 333.2095442 BRA B-430971 1 625.00 English Books

© Delhi Public Library
Hit Counter
free hit counter